00431nam a2200181Ia 4500003000400000005001700004008004100021020001900062040000700081041000800088082001700096100001200113245004100125260004500166300000900211650001500220700001400235OSt20251014115054.0250729s2005 xx 000 0 und d a978-8171692286 cAL aeng a371.333 RAOT aRao V K aThe nature of educational technology aNew DelhibCommonwealth Publishersc2005 a340p aTechnology aReddy R S